A peremhelyzet dícsérete
Elmentve itt :
| Szerző: | |
|---|---|
| Adatforrás: | Meister |
| Forrásdokumentuma: | A Hét. - 19 sz., 1993, 11 p. |
| Nyelv: | magyar |
| Kulcsszavak: | történetfilozófia másság marginalizáció nonkonformizmus pluralizmus individuum PETTY William |
| LEADER | 00513nab a2200193 i 4500 | ||
|---|---|---|---|
| 001 | bibPRO00000019 | ||
| 008 | 060524s1993 xx hun | ||
| 040 | |a Sz1 | ||
| 041 | |a hun | ||
| 100 | 2 | |a PATAPIEVICI Horia-Roman | |
| 245 | 1 | 2 | |a A peremhelyzet dícsérete |c PATAPIEVICI Horia-Roman |
| 695 | |a történetfilozófia | ||
| 695 | |a másság | ||
| 695 | |a marginalizáció | ||
| 695 | |a nonkonformizmus | ||
| 695 | |a pluralizmus | ||
| 695 | |a individuum | ||
| 695 | |a PETTY William | ||
| 773 | 0 | |t A Hét. - |g 19 sz., 1993, 11 p. | |